[Event "Ruhrgebiet-ch Seniors 18th"]
[Site "Essen"]
[Date "2011.04.04"]
[Round "4"]
[White "Richter, Siegmar"]
[Black "Vasiljev, Jurij"]
[Result "0-1"]
[WhiteElo "1620"]
[BlackElo "2063"]
[PlyCount "94"]
[EventDate "2011.03.28"]
[EventType "swiss"]
[EventRounds "9"]
[EventCountry "GER"]
[SourceTitle "EXT 2012"]
[Source "ChessBase"]
[SourceDate "2011.11.24"]
[SourceVersion "1"]
[SourceVersionDate "2011.11.24"]
[SourceQuality "1"]

1. Nf3 d5 2. e3 c5 3. Bb5+ Bd7 4. Bxd7+ Nxd7 5. d4 Ngf6 6. 0-0 e6 7. b3 Rc8 8. dxc5 Bxc5 9. Bb2 0-0 10. Nbd2 b5 11. Qe2 Qb6 12. a4 b4 13. a5 Qb8 14. Rfc1 Bd6 15. Nf1 Ne4 16. N3d2 Nc3 17. Bxc3 Rxc3 18. Nb1 Rc6 19. Ra2 Rfc8 20. Nbd2 Qc7 21. Nf3 e5 22. Ne1 Rc5 23. Rd1 Rxa5 24. Rxa5 Qxa5 25. Qg4 Rd8 26. Qh4 e4 27. Ng3 Bxg3 28. hxg3 Ne5 29. Qe7 Ng6 30. Qb7 Qc5 31. Rd4 a5 32. Qa6 Ne5 33. Qe2 g6 34. f3 Nc6 35. Rd1 exf3 36. gxf3 Re8 37. Ng2 d4 38. exd4 Rxe2 39. dxc5 Rxc2 40. Rd5 a4 41. Rd1 axb3 42. Ne1 Rxc5 43. Rb1 Nd4 44. Kf2 Rc3 45. Rb2 Rc2+ 46. Rxc2 bxc2 47. Nd3 b3 0-1

[Event "GER-ch Seniors-B 17th"]
[Site "Essen"]
[Date "2005.08.23"]
[Round "4"]
[White "Richter, Siegmar"]
[Black "Borkenhagen, Bernd"]
[Result "1-0"]
[WhiteElo "1614"]
[BlackElo "1807"]
[PlyCount "39"]
[EventDate "2005.08.20"]
[EventType "swiss"]
[EventRounds "9"]
[EventCountry "GER"]
[SourceTitle "CBM 108 Extra"]
[Source "ChessBase"]
[SourceDate "2005.11.04"]
[SourceVersion "1"]
[SourceVersionDate "2005.11.04"]
[SourceQuality "1"]

1. Nf3 Nc6 2. e4 e5 3. Bb5 d6 4. h3 Bd7 5. 0-0 Be7 6. a4 Nf6 7. Qe2 0-0 8. Rd1 a6 9. Bc4 h6 10. d4 exd4 11. Nxd4 Nxd4 12. Rxd4 c5 13. Rd1 Qc7 14. Nc3 Bc6 15. Bf4 Nd7 16. Rd3 Ne5 17. Rg3 Ng6 18. Rxg6 Kh7 19. Rxh6+ gxh6 20. Qh5 1-0